| 000 | 00575cam a22001337a 4500 | ||
|---|---|---|---|
| 008 | 180718bue19 xxu||||| |||| 00| 0 eng d | ||
| 082 | _a 2O91 F8 | ||
| 245 | _aPolitical economy of environment: problems of method, Papers presented at the symposium held at the Maison des sciences de lメhomme, Paris, 5-8 July, 197 | ||
| 260 |
_a1.Par _bisThe Hag _cue19 |
||
| 300 | _a7223 | ||
| 440 | _a7pEnvieonment and social sciences environment et sciences sociales; | ||
| 650 | _aNational income -Accounting -Congresse | ||
| 650 | _a44Environmental policy -Cost effectiveness -Congresses | ||
| 999 |
_c411140 _d411140 |
||